A threadbare blanket (Record no. 118057)

MARC details
000 -LEADER
fixed length control field 01891cam a2200325 4500
001 - CONTROL NUMBER
control field ABS68276
008 - FIXED-LENGTH DATA ELEMENTS--GENERAL INFORMATION
fixed length control field 040927n2004 000 0 eng u
035 ## - SYSTEM CONTROL NUMBER
System control number (Sirsi) u127529
100 ## - MAIN ENTRY--PERSONAL NAME
Personal name Murdoch, J.
245 #2 - TITLE STATEMENT
Title A threadbare blanket
260 ## - PUBLICATION, DISTRIBUTION, ETC.
Date of publication, distribution, etc. 2004
490 ## - SERIES STATEMENT
Series statement Estates Gazette
Volume/sequential designation (0437) 11 September 2004, 141(1)
520 ## - SUMMARY, ETC.
Summary, etc. Examines in the first part of a two-part article (see also Abs68277), the incomplete protection against estate agent or vendor misrepresentation afforded to purchasers by the law. Considers claims against the vendor, in particular the courts' view that any misdescription by the agent takes effect as a statement authorised by the vendor whether or not it has been so authorised. Points out the serious drawback to the purchaser presented by the no authority clause defence where a standard clause in the sales particulars absolves the vendor or agent of any authority to make or give any representation or warranty whatever in relation to the property. Looks also at possible claims of negligence against the agent who must surely owe a duty of care to potential purchasers not to mislead them, although such claims can be difficult to prove as in "McCullagh v Lane Fox and Partners Ltd" (CA, Abs55237), where the agent's disclaimer of responsibility in the sales particulars defeated the purchaser's negligence claim against him.
590 ## - LOCAL NOTE (RLIN)
Local note ABS
590 ## - LOCAL NOTE (RLIN)
Local note ABS
650 ## - SUBJECT ADDED ENTRY--TOPICAL TERM
Topical term or geographic name entry element GOSLING V ANDERSON
650 ## - SUBJECT ADDED ENTRY--TOPICAL TERM
Topical term or geographic name entry element MISSTATEMENT
650 ## - SUBJECT ADDED ENTRY--TOPICAL TERM
Topical term or geographic name entry element DUTY OF CARE
650 ## - SUBJECT ADDED ENTRY--TOPICAL TERM
Topical term or geographic name entry element MCCULLAGH V LANE FOX AND PARTNERS LTD
650 ## - SUBJECT ADDED ENTRY--TOPICAL TERM
Topical term or geographic name entry element SALE PARTICULARS
650 ## - SUBJECT ADDED ENTRY--TOPICAL TERM
Topical term or geographic name entry element VENDORS
650 ## - SUBJECT ADDED ENTRY--TOPICAL TERM
Topical term or geographic name entry element MISDESCRIPTION
650 ## - SUBJECT ADDED ENTRY--TOPICAL TERM
Topical term or geographic name entry element PURCHASERS
650 ## - SUBJECT ADDED ENTRY--TOPICAL TERM
Topical term or geographic name entry element AGENTS
650 ## - SUBJECT ADDED ENTRY--TOPICAL TERM
Topical term or geographic name entry element UNFAIR CONTRACT TERMS ACT 1977
650 ## - SUBJECT ADDED ENTRY--TOPICAL TERM
Topical term or geographic name entry element MULLENS V MILLER
650 ## - SUBJECT ADDED ENTRY--TOPICAL TERM
Topical term or geographic name entry element COLLINS V HOWELL-JONES
690 ## - LOCAL SUBJECT ADDED ENTRY--TOPICAL TERM (OCLC, RLIN)
Topical term or geographic name as entry element PROPERTY AND LAND LAW-AGENCY-RESIDENTIAL-CASE LAW
942 ## - ADDED ENTRY ELEMENTS (KOHA)
Suppress in OPAC 0
Holdings
Withdrawn status Lost status Source of classification or shelving scheme Damaged status Not for loan Home library Current library Shelving location Date acquired Total Checkouts Full call number Barcode Date last seen Copy number Price effective from Koha item type
    Dewey Decimal Classification     London London Journal article 27/09/2004   ABS68276 127529-1001 06/08/2019 1 06/08/2019 Journal article